000 00504nam a2200193Ia 4500
005 20240705024519.0
008 240331s9999 xx 000 0 und d
020 _a0803939876
082 _a155
_bWOM
100 _aTurner, B.F
245 0 _aWomen growing older :
_bpychologycal perspectives
260 _aCalifornia
_bSage Publications, Inc
_c1994
300 _a282 p .,
650 _aWomen
650 _aSocial
700 _aF. Turner, Barbara
_eedt
700 _aE. Troll, Lilliane
_eedt
942 _cL
999 _c745
_d745